Sports Quiz

Random Sports or Celebrity Quiz

Athletes' Signatures Quiz Stats

 Plays Quiz Updated Oct 14, 2018

Score 0/20 Timer 05:00
0 Plays Today
% Correct
Babe Ruth
95.4%
Muhammad Ali
95%
Margaret Court
90.6%
Pelé
90.2%
Peyton Manning
88.6%
Michael Phelps
88.3%
Joe DiMaggio
85.2%
Michael Jordan
81.1%
Wayne Gretzky
76.2%
Larry Bird
73.3%
% Correct
Usain Bolt
72.5%
Hulk Hogan
71.5%
Tiger Woods
57.8%
Andre Agassi
45%
Cristiano Ronaldo
43.4%
Sidney Crosby
40%
Tom Brady
39.4%
Nadia Comăneci
28.3%
Don Bradman
9.7%
Fernando Alonso
4.4%

You're not logged in!

Compare scores with friends on all Sporcle quizzes.
OR
Log In

Sporcle TV

Today on Sporcle TV


Watch our educational content, quiz creation guides, and fun videos on Sporcle TV.

Show Comments

Extras

Top Quizzes Today


Score Distribution

Your Account Isn't Verified!

In order to create a playlist on Sporcle, you need to verify the email address you used during registration. Go to your Sporcle Settings to finish the process.

Report this User

Report this user for behavior that violates our Community Guidelines.

Details: